000 00270nam a22001337a 4500
003 SGT
082 _a618.92
_bH11M
100 _aMOTALA, CASSIM
245 _aHB. OF PEDIATRICS
250 _a7TH
260 _aINDIA
_bOXFORD
_c2011
300 _a596
942 _2ddc
_cBK
999 _c14923
_d14923